The law relating to tithes and payments in lieu thereof. (Record no. 86669)

MARC details
000 -LEADER
fixed length control field 00518cam a2200205 4500
001 - CONTROL NUMBER
control field D13441
008 - FIXED-LENGTH DATA ELEMENTS--GENERAL INFORMATION
fixed length control field 090401t1938 xxu||||| |||| 00| 0 eng d
035 ## - SYSTEM CONTROL NUMBER
System control number (Sirsi) u9805
041 ## - LANGUAGE CODE
Language code of text/sound track or separate title eng
100 ## - MAIN ENTRY--PERSONAL NAME
Personal name Millard, Percy William
245 #4 - TITLE STATEMENT
Title The law relating to tithes and payments in lieu thereof.
250 ## - EDITION STATEMENT
Edition statement 3rd ed.
260 ## - PUBLICATION, DISTRIBUTION, ETC.
Place of publication, distribution, etc. London
Name of publisher, distributor, etc. Butterworth
Date of publication, distribution, etc. 1938
300 ## - PHYSICAL DESCRIPTION
Extent xli,423,lip. ; 21cm.
520 ## - SUMMARY, ETC.
Summary, etc. Shelf 132
650 ## - SUBJECT ADDED ENTRY--TOPICAL TERM
Topical term or geographic name entry element RENTCHARGES
650 ## - SUBJECT ADDED ENTRY--TOPICAL TERM
Topical term or geographic name entry element REDEMPTION
942 ## - ADDED ENTRY ELEMENTS (KOHA)
Suppress in OPAC 0
948 ## - LOCAL PROCESSING INFORMATION (OCLC); SERIES PART DESIGNATOR (RLIN)
c (OCLC) 04/03/1997
Holdings
Withdrawn status Lost status Source of classification or shelving scheme Damaged status Not for loan Home library Current library Shelving location Date acquired Total Checkouts Full call number Barcode Date last seen Date last checked out Copy number Price effective from Koha item type
    Other/Generic Classification Scheme     London London Basement 14/09/1999 1 SHELF 132 30010220 06/08/2019 07/03/2001 1 06/08/2019 Reference material